000 00602nam a22002057a 4500
003 OSt
005 20140310182818.0
008 130302t xxu||||| |||| 00| 0 eng d
020 _a971-23-2606-3
050 _aHF5695
_b.Q1 1999
082 _aM 510.25658
_b.Q2 1999
245 _aQuantitative techniques for business :
_cCommittee University of the East
_b(with case analysis and computer applications)
260 _aManila
_bRex Book Store
_c1999
300 _ax, 326 p
_c24 cm
521 _acollege students
526 _c1210L-1700L
541 _j1
562 _e1
942 _2lcc
_cBK
_kM
999 _c16322
_d16322